| 000 | 00802nam a22002297a 4500 | ||
|---|---|---|---|
| 003 | 0 | ||
| 005 | 20250910082112.0 | ||
| 008 | 250910b xxu||||| |||| 00| 0 eng d | ||
| 020 | _a978-1-032-45459-7 | ||
| 050 |
_aHD 1382.5 _b.S73 2024 |
||
| 100 |
_aStaiger, Roger, _eauthor. |
||
| 245 |
_aFoundations of real estate financial modelling / _cRoger Staiger. |
||
| 250 | _aThird edition. | ||
| 260 |
_aNew York, NY : _bRoutledge, _c2024. |
||
| 300 |
_ax, 550 pages : _billustrations ; _c26 cm. |
||
| 504 | _aIncludes index. | ||
| 650 |
_aReal estate investment _xMathematical models. |
||
| 650 |
_aReal estate investment _xFinance _vMathematical models. |
||
| 650 |
_aReal estate development _xFinance _vMathematical models. |
||
| 650 |
_aReal property _xFinance _vMathematical models. |
||
| 942 |
_2lcc _cBK |
||
| 999 |
_c367853 _d367853 |
||